00671pab a2200193 454500008004000000100001600040245009800056260000900154300001500163362000800178650003500186650004200221650002600263700002100289773003500310909001000345999001700355952010500372180718b2001 xxu||||| |||| 00| 0 eng d aCaroli, Eve aSkill-based organizational change? Evidence from a panel of British and French establishments c2001 ap.1449-492 aNov aOrganizational change - France aOrganizational change - Great Britain aOrganizational change aReenen, John Van aQuarterly Journal of Economics a50683 c50683d50683 00104070aIIPAbIIPAd2018-07-19hVolume no: 116, Issue no: 4pAR51111r2018-07-19w2018-07-19yAR